000 00426nam a22001697a 4500
003 CEME
005 20210628203121.0
008 210120b xxu||||| |||| 00| 0 eng d
040 _c.
082 _a891.4391 IQB
100 _aDr Muhammad Iqbal
_929806
245 _aKulyat-e-iqbal
260 _aLAHORE
_bSHEIKH GHULAM ALI & SONS
_c1999
300 _a710P
650 _aURDU POETRY-KULYAT-E-IQBAL.
_963412
942 _cBK
_2ddc
999 _c572245
_d572245